Celebrity Sorting Quiz Stats

 Plays Quiz Updated Jun 12, 2018

Score 0/10 Timer 02:00
11 Plays Today
% Correct
Actor
98.1%
Athlete
98.1%
Religious Leader
96%
Musician
95.3%
Author
95.1%
Director
93%
Politician
90.5%
Artist
89.2%
Entrepreneur|Businessperson
89%
Reporter|Journalist
85.8%

You're not logged in!

Compare scores with friends on all Sporcle quizzes.
OR
Log In

Sporcle TV

Today on Sporcle TV


Watch our educational content, quiz creation guides, and fun videos on Sporcle TV.

Show Comments

Extras

Top Quizzes Today


Score Distribution

Your Account Isn't Verified!

In order to create a playlist on Sporcle, you need to verify the email address you used during registration. Go to your Sporcle Settings to finish the process.

Report this User

Report this user for behavior that violates our Community Guidelines.

Details: